Quick Pick: Emmy Lead Drama Actress Winners (1975-1984) Quiz Stats

 Plays Quiz not verified by Sporcle

Score 0/10 Timer 01:00
0 Plays Today
% Correct
Mary Beth Lacey
91.9%
Mary Beth Lacey
88.6%
Jaime Sommers
66.7%
Miss Ellie Ewing
65%
Olivia Walton
61.8%
Kate Lawrence
44.7%
Grace Gardner
38.2%
Dr. Caroline Fields
35.8%
Rose Buck
25.2%
Mary Benjamin
20.3%

You're not logged in!

Compare scores with friends on all Sporcle quizzes.
OR
Log In

Sporcle TV

Today on Sporcle TV


Watch our educational content, quiz creation guides, and fun videos on Sporcle TV.

Show Comments

Extras

Top Quizzes Today


Score Distribution

Your Account Isn't Verified!

In order to create a playlist on Sporcle, you need to verify the email address you used during registration. Go to your Sporcle Settings to finish the process.

Report this User

Report this user for behavior that violates our Community Guidelines.

Details: